Catalog

Record Details

Catalog Search



True-3D in Cartography Autostereoscopic and Solid Visualisation of Geodata  Cover Image E-book E-book

True-3D in Cartography [electronic resource] : Autostereoscopic and Solid Visualisation of Geodata / edited by Manfred Buchroithner.

Record details

  • ISBN: 9783642122729
  • Physical Description: XIX, 505p. 261 illus., 51 illus. in color. online resource.
  • Publisher: Berlin, Heidelberg : Springer Berlin Heidelberg, 2012.
Subject: Geography.
Geographical information systems.
Geography.
Geographical Information Systems/Cartography.
Earth Sciences, general.

Electronic resources


LDR 01594nam a22003975i 4500
00139428
003CONS
00520130725215313.0
007cr nn 008mamaa
008120102s2012 gw | s |||| 0|eng d
020 . ‡a9783642122729 ‡9978-3-642-12272-9
0247 . ‡a10.1007/978-3-642-12272-9 ‡2doi
035 . ‡a(DE-He213)978-3-642-12272-9
050 4. ‡aGA1-1776
072 7. ‡aRGW ‡2bicssc
072 7. ‡aSCI030000 ‡2bisacsh
072 7. ‡aTEC036000 ‡2bisacsh
1001 . ‡aBuchroithner, Manfred. ‡eeditor.
24510. ‡aTrue-3D in Cartography ‡h[electronic resource] : ‡bAutostereoscopic and Solid Visualisation of Geodata / ‡cedited by Manfred Buchroithner.
264 1. ‡aBerlin, Heidelberg : ‡bSpringer Berlin Heidelberg, ‡c2012.
300 . ‡aXIX, 505p. 261 illus., 51 illus. in color. ‡bonline resource.
336 . ‡atext ‡btxt ‡2rdacontent
337 . ‡acomputer ‡bc ‡2rdamedia
338 . ‡aonline resource ‡bcr ‡2rdacarrier
347 . ‡atext file ‡bPDF ‡2rda
4901 . ‡aLecture Notes in Geoinformation and Cartography, ‡x1863-2246
650 0. ‡aGeography.
650 0. ‡aGeographical information systems.
65014. ‡aGeography.
65024. ‡aGeographical Information Systems/Cartography.
65024. ‡aEarth Sciences, general.
7102 . ‡aSpringerLink (Online service)
7730 . ‡tSpringer eBooks
77608. ‡iPrinted edition: ‡z9783642122712
830 0. ‡aLecture Notes in Geoinformation and Cartography, ‡x1863-2246
85640. ‡uhttp://biblioteca.ipicyt.edu.mx:2048/login?url=http://dx.doi.org/10.1007/978-3-642-12272-9 ‡yTexto completo ‡9CONS
950 . ‡aEarth and Environmental Science (Springer-11646)
901 . ‡a39428 ‡b ‡c39428 ‡tbiblio ‡sSystem Local

Additional Resources